|
|
|
|
| LEADER |
00787nam a22002171a 4500 |
| 020 |
|
|
|c 0.00
|
| 040 |
|
|
|a SSUS - Library - Kalady
|
| 082 |
|
|
|a MSS 891.21
|b SUP/R
|
| 100 |
|
|
|a Suprabha C T
|
| 245 |
|
|
|a Rukminiswayamvarachampu : a study
|h [M.Phil Dissertation]
|
| 260 |
|
|
|a Kalady
|b Sree Sankaracharya University of Sanskrit
|c 1998
|
| 300 |
|
|
|a 99p.
|
| 600 |
|
|
|a Literature
|
| 600 |
|
|
|a Poetry Epic Sanskrit Study
|
| 600 |
|
|
|a Poetry Sanskrit Study
|
| 600 |
|
|
|a Literature Sanskrit
|
| 600 |
|
|
|a Sanskrit Sahitya Mphil thesis
|
| 852 |
|
|
|k Reference
|h MSS 891.21
|i SUP/R
|p T311
|9 0.00
|t 0
|
| 942 |
|
|
|c MPHD
|
| 999 |
|
|
|c 111411
|d 111411
|
| 952 |
|
|
|0 0
|1 0
|2 ddc
|4 0
|6 R_MSS_891_210000000000000_SUP_R
|7 0
|9 93955
|a SSUS
|b SSUS
|c REF
|d 2015-01-08
|g 0.00
|o R MSS 891.21 SUP/R
|p T311
|r 2015-01-08
|v 0.00
|w 2015-01-08
|y MPHD
|